000 00994nam a22002897a 4500
003 OSt
005 20241112101958.0
008 241111b |||||||| |||| 00| 0 eng d
020 _a9781332761524 (paperback)
_c35.00
024 _c35.00
040 _aNUST
_beng
_cNUST
_dNUST
_erda
050 _aTG260 AND
100 _eAuthor
_qAndrews, Ewarts S .
245 _aThe Theory And Design of Structures :
_ca text -book for the use of students , draughtsmen, and engineers engaged in constructional work/ Ewart S. Andrews
250 _aThird edition.
260 _aLondon:
_bDalton House,
_c2018.
300 _axii ,618 pages:
_billustrations;
_c23 cm .
336 _2rdacontent
_atext
_btxt
337 _2rdamedia
_aunmediated
_bn
338 _2rdacarrier
_avolume
_bnc
440 _aClassic Reprint Series.
504 _aIncludes index .
650 _xTechnology -Bridges
650 _xEngineering-Bridges
650 _xCivil Engineering
942 _2lcc
_cBOOKS
_hTG260
_kTG
_mAND
_n0
999 _c171089
_d171089